Islamic Banking and Finance : (Record no. 17363)
[ view plain ]
| 000 -LEADER | |
|---|---|
| fixed length control field | 01318cam a22003493u 4500 |
| 001 - CONTROL NUMBER | |
| control field | 006598873 |
| 005 - DATE AND TIME OF LATEST TRANSACTION | |
| control field | 20130317125452.0 |
| 008 - FIXED-LENGTH DATA ELEMENTS--GENERAL INFORMATION | |
| fixed length control field | 020225s2002 enk || 101 ||eng |
| 010 ## - LIBRARY OF CONGRESS CONTROL NUMBER | |
| LC control number | 2001053235 |
| 020 ## - INTERNATIONAL STANDARD BOOK NUMBER | |
| International Standard Book Number | 1840647876 |
| 020 ## - INTERNATIONAL STANDARD BOOK NUMBER | |
| International Standard Book Number | 9781840647877 |
| 082 04 - DEWEY DECIMAL CLASSIFICATION NUMBER | |
| Classification number | 332.10917671 |
| Edition number | 22 |
| Item number | INT |
| 111 2# - MAIN ENTRY--MEETING NAME | |
| Meeting name or jurisdiction name as entry element | International Conference on Islamic Economics and Banking |
| Number of part/section/meeting | (4th : |
| Date of meeting | 2000 : |
| Location of meeting | Loughborough University) |
| 9 (RLIN) | 32846 |
| 245 10 - TITLE STATEMENT | |
| Title | Islamic Banking and Finance : |
| Remainder of title | New Perspectives on Profit Sharing and Risk / |
| Statement of responsibility, etc | edited by Munawar Iqbal, David T. Llewellyn. |
| 260 ## - PUBLICATION, DISTRIBUTION, ETC. (IMPRINT) | |
| Place of publication, distribution, etc | Cheltenham : |
| Name of publisher, distributor, etc | Edward Elgar, |
| Date of publication, distribution, etc | c2002. |
| 300 ## - PHYSICAL DESCRIPTION | |
| Extent | xvi, 250 p. ; |
| Dimensions | 25 cm. |
| 504 ## - BIBLIOGRAPHY, ETC. NOTE | |
| Bibliography, etc | Includes bibliographical references and index. |
| 650 #0 - SUBJECT ADDED ENTRY--TOPICAL TERM | |
| Topical term or geographic name as entry element | Banks and banking |
| Geographic subdivision | Islamic countries |
| Form subdivision | Congresses. |
| 9 (RLIN) | 32847 |
| 650 #0 - SUBJECT ADDED ENTRY--TOPICAL TERM | |
| Topical term or geographic name as entry element | Finance |
| Geographic subdivision | Islamic countries |
| Form subdivision | Congresses. |
| 9 (RLIN) | 32848 |
| 653 ## - INDEX TERM--UNCONTROLLED | |
| Uncontrolled term | Islamic economics |
| 653 ## - INDEX TERM--UNCONTROLLED | |
| Uncontrolled term | banking |
| 653 ## - INDEX TERM--UNCONTROLLED | |
| Uncontrolled term | finance |
| 653 ## - INDEX TERM--UNCONTROLLED | |
| Uncontrolled term | Islamic banking |
| 653 ## - INDEX TERM--UNCONTROLLED | |
| Resource For college | |
| Arrived date list | March2013 |
| 690 7# - LOCAL SUBJECT ADDED ENTRY--TOPICAL TERM (OCLC, RLIN) | |
| Topical term or geographic name as entry element | Management and Business Studies |
| Source of heading or term | blcoll |
| 700 1# - ADDED ENTRY--PERSONAL NAME | |
| Personal name | Iqbal, Munawar. |
| 9 (RLIN) | 32839 |
| 700 1# - ADDED ENTRY--PERSONAL NAME | |
| Personal name | Llewellyn, David T. |
| 9 (RLIN) | 32849 |
| 710 2# - ADDED ENTRY--CORPORATE NAME | |
| Corporate name or jurisdiction name as entry element | International Association for Islamic Economics. |
| 9 (RLIN) | 32850 |
| 710 2# - ADDED ENTRY--CORPORATE NAME | |
| Corporate name or jurisdiction name as entry element | Islamic Development Bank. |
| 9 (RLIN) | 32851 |
| 710 2# - ADDED ENTRY--CORPORATE NAME | |
| Corporate name or jurisdiction name as entry element | Islamic Foundation (Great Britain) |
| 9 (RLIN) | 32852 |
| 942 ## - ADDED ENTRY ELEMENTS (KOHA) | |
| Source of classification or shelving scheme | Dewey Decimal Classification |
| Item type | Book - Borrowing |
| Withdrawn status | Item status | Source of classification or shelving scheme | Damaged status | Not for loan | Vendor | Home library | Current library | Shelving location | Date acquired | Source of acquisition | Total Checkouts | Total Renewals | Full call number | Barcode | Date last seen | Date last borrowed | Koha item type |
|---|---|---|---|---|---|---|---|---|---|---|---|---|---|---|---|---|---|
| Dewey Decimal Classification | Baccah | Central Library | Central Library | First floor | 17/03/2013 | 3 | 13 | 332.10917671 INT | 000028491 | 15/07/2025 | 20/12/2017 | Book - Borrowing |